00392 a2200145 4500001000400000082001700004100001700021245004300038250000600081260003800087300004100125500002400166520002800190740002800218108 a658.5756 ULR aUlrich, K T. aProduct Design and Development, 2nd ED a2 abostonbMcGraw-Hill, Bostonc2000 axxvi, 358 pbN-446 is origional book aBE textbook IE dept aN-446 is origional book aN-446 is origional book